Statistics for Five Busiest Airports by Letter

Click here to take the quiz!

General Stats

  • This quiz has been taken 1,278 times
  • The average score is 26 of 45

Answer Stats

Letter# (mil)ContinentCity% Correct
L22.5EuropeLondon
88%
L40.3EuropeLondon
88%
L75.0EuropeLondon
88%
A101.5N.A.Atlanta
87%
P65.8EuropeParis
83%
P29.7EuropeParis
83%
A43.6EuropeAmsterdam
80%
B89.9AsiaBeijing
76%
L74.9N.A.Los Angeles
74%
S60.1AsiaShanghai
74%
D64.1N.A.Dallas/Fort Worth
73%
C76.9N.A.Chicago
72%
M46.8EuropeMadrid
72%
T34.8AsiaTokyo
72%
T75.3AsiaTokyo
72%
D78.0AsiaDubai
69%
B52.8AsiaBangkok
68%
D54.0N.A.Denver
68%
A16.5OceaniaAuckland
67%
S50.1N.A.San Francisco
65%
S55.4AsiaSingapore
64%
B33.5N.A.Boston
62%
B39.7EuropeBarcelona
61%
D32.4N.A.Detroit
60%
T41.0N.A.Toronto
60%
M44.4N.A.Miami
57%
M41.0EuropeMunich
57%
S49.4AsiaSeoul
56%
P30.2N.A.Philadelphia
55%
D48.4AsiaDelhi
54%
L45.4N.A.Las Vegas
53%
S42.3N.A.Seattle
52%
A18.1EuropeAthens
46%
M36.6AsiaManila
44%
C44.9N.A.Charlotte
40%
T38.5AsiaTaipei
40%
P42.1N.A.Phoenix
39%
M36.6N.A.Minneapolis
38%
C26.6EuropeCopenhagen
36%
B23.8N.A.Baltimore
34%
C42.3AsiaChengdu
34%
T18.8N.A.Tampa
27%
C32.4AsiaChongqing
22%
A27.7AsiaAntalya
11%
P23.7EuropePalma de Mallorca
7%

Score Distribution

Percentile by Number Answered

Percent of People with Each Score

Your Score History

You have not taken this quiz